000 00738nam a2200217Ia 4500
003 OSt
005 20250221152629.0
008 210210b2012 xxu||||| |||| 00| 0 eng d
020 _a9788192071251
040 _cAL
041 _ahin
082 _aH891.9 BHOK
100 _aBHOSLE (R P)
_9201780
110 _bभोसले अर पी
_9201781
245 _aKusum ansal ke hindi sahity mein chithrith nari jivan ke vividh Ayam:
_bकुसुम अंसल के हिंदी साहित्य में चित्रित नारी जीवन के विविद आयाम
260 _aKanpur
_b-
_c2012
300 _a200
690 _aHindi Criticism
_9201782
906 _a068114
942 _2ddc
_cBK
999 _c152420
_d152420